| 000 | 00590nam a2200241Ia 4500 | ||
|---|---|---|---|
| 005 | 20260320201158.0 | ||
| 008 | 008 262003s9999 xx 000 0 eng d | ||
| 037 | _aEBOOK | ||
| 040 | _aCRL | ||
| 040 | _beng | ||
| 040 | _cCRL | ||
| 041 | _2eng | ||
| 041 | _aeng | ||
| 084 | _qCRL | ||
| 100 |
_aHanzo _91133937 |
||
| 245 | 0 | _aWireless Video Communications: Second to Third Generation and Beyond | |
| 260 | _bIEEE | ||
| 260 | _c2001 | ||
| 856 | _uhttps://ieeexplore.ieee.org/servlet/opac?bknumber=5273117 | ||
| 942 | _cEBOOK | ||
| 999 |
_c1719415 _d1719415 |
||